<?xml version="1.0" encoding="UTF-8"?>
<marc:record xmlns:marc="http://www.loc.gov/MARC21/slim">
   <marc:leader>00000nam a2200000 a 4500</marc:leader>
   <marc:datafield ind1="1" ind2=" " tag="100">
      <marc:subfield code="a">Neubacher-Fesser, Monika</marc:subfield>
      <marc:subfield code="4">aut</marc:subfield>
      <marc:subfield code="e">Verfasser/-in</marc:subfield>
   </marc:datafield>
   <marc:datafield ind1=" " ind2=" " tag="653">
      <marc:subfield code="a">Papier</marc:subfield>
   </marc:datafield>
   <marc:datafield ind1=" " ind2=" " tag="653">
      <marc:subfield code="a">Bastelbuch</marc:subfield>
   </marc:datafield>
   <marc:datafield ind1=" " ind2=" " tag="653">
      <marc:subfield code="a">Basteln</marc:subfield>
   </marc:datafield>
   <marc:datafield ind1="0" ind2="0" tag="245">
      <marc:subfield code="a">Hundert tolle Ideen aus Papier</marc:subfield>
   </marc:datafield>
   <marc:datafield ind1="0" ind2="0" tag="245">
      <marc:subfield code="c">Monika Neubacher-Fesser</marc:subfield>
   </marc:datafield>
   <marc:datafield ind1=" " ind2="1" tag="264">
      <marc:subfield code="a">Ravensburg</marc:subfield>
      <marc:subfield code="b">Ravensburger</marc:subfield>
      <marc:subfield code="c">2002</marc:subfield>
   </marc:datafield>
   <marc:datafield ind1="1" ind2=" " tag="520">
      <marc:subfield code="a">Kreative Bastelanregungen für vielfältige Dekorationen, Geschenke und Spiele. (VL)   Mit den verschiedenen Papiersorten vom stabilen Tonkarton bis zum luftigen Seidenpapier lassen sich mit Hilfe von Schere, Klebstoff und Farbe kreative Bastelarbeiten herstellen. Haben Dekorationen, Verpackungen, Glückwunschkarten, Spiele oder kleine individuelle Geschenke das ganze Jahr über Saison, werden zu den speziellen Festen Ostern, Muttertag, Halloween und Weihnachten weitere Ideen geliefert: Marienkäfer aus Pappmaché, herzige Serviettenhalter aus Wellpappe, federleichte klingende Schmetterlinge, gruselige Tonkarton-Gespenstertischkärtchen, ein origineller Adventkalender, zarte Rosettensterne aus Transparentpapier, sowie lustige Überraschungstiere als Geschenkverpackungen. Mit Hilfe genau beschriebener Anleitungen, illustriert durch großflächige Farbfotos, ergänzt von Materialangaben und Vorlagezeichnungen, lassen sich die einzelnen Objekte schon von 10-jährigen Bastler/innen problemlos realisieren. Sehr empfehlenswert. *bn* Christiana Ulz</marc:subfield>
   </marc:datafield>
   <marc:datafield ind1=" " ind2=" " tag="041">
      <marc:subfield code="a">ger</marc:subfield>
   </marc:datafield>
   <marc:datafield ind1=" " ind2=" " tag="300">
      <marc:subfield code="a">96 S. : Ill.</marc:subfield>
   </marc:datafield>
</marc:record>
